<?xml version="1.0" encoding="UTF-8"?>
<record
    xmlns:xsi="http://www.w3.org/2001/XMLSchema-instance"
    xsi:schemaLocation="http://www.loc.gov/MARC21/slim http://www.loc.gov/standards/marcxml/schema/MARC21slim.xsd"
    xmlns="http://www.loc.gov/MARC21/slim">

  <leader>01508nam a2200361 a 4500</leader>
  <controlfield tag="005">20240805112326.0</controlfield>
  <controlfield tag="008">100806t1999||||ag a   f |||| 001 0 spa d</controlfield>
  <datafield tag="020" ind1=" " ind2=" ">
    <subfield code="a">9874313714</subfield>
  </datafield>
  <datafield tag="041" ind1=" " ind2=" ">
    <subfield code="a">spa</subfield>
  </datafield>
  <datafield tag="092" ind1=" " ind2=" ">
    <subfield code="c">616</subfield>
    <subfield code="l">47</subfield>
    <subfield code="s">LAS</subfield>
  </datafield>
  <datafield tag="100" ind1="1" ind2=" ">
    <subfield code="a">Lasala, Fernando G.</subfield>
    <subfield code="9">900</subfield>
  </datafield>
  <datafield tag="245" ind1="6" ind2=" ">
    <subfield code="a">De la Semiolog&#xED;a a la Cl&#xED;nica.</subfield>
    <subfield code="b">Fasc. 3 de la semiolog&#xED;a del aparato digestivo a la cl&#xED;nica. Primera parte: el tubo digestivo /</subfield>
    <subfield code="c">Fernando G. Lasala</subfield>
  </datafield>
  <datafield tag="250" ind1=" " ind2=" ">
    <subfield code="a">1a ed.</subfield>
  </datafield>
  <datafield tag="260" ind1=" " ind2=" ">
    <subfield code="a">Buenos Aires: </subfield>
    <subfield code="b">S/E;</subfield>
    <subfield code="c">1999.</subfield>
  </datafield>
  <datafield tag="300" ind1=" " ind2=" ">
    <subfield code="a">114 p.</subfield>
    <subfield code="b">il.</subfield>
  </datafield>
  <datafield tag="500" ind1=" " ind2=" ">
    <subfield code="a">Lasala, F. G. y Gennaro, O. (1999). De la Semiolog&#xED;a a la Cl&#xED;nica. Fasc. 3 de la semiolog&#xED;a del aparato digestivo a la cl&#xED;nica. Primera parte: el tubo digestivo. (1a ed.). Buenos Aires : S/E</subfield>
  </datafield>
  <datafield tag="653" ind1="3" ind2=" ">
    <subfield code="a">La exploraci&#xF3;n del abdomen</subfield>
  </datafield>
  <datafield tag="653" ind1=" " ind2=" ">
    <subfield code="a">Semiolog&#xED;a del es&#xF3;fago. S&#xED;ndromes esof&#xE1;gicos</subfield>
  </datafield>
  <datafield tag="653" ind1=" " ind2=" ">
    <subfield code="a">Semiolog&#xED;a y s&#xED;ndromes gastroduodenales</subfield>
  </datafield>
  <datafield tag="653" ind1=" " ind2=" ">
    <subfield code="a">Sindrome de hemorragia digestiva</subfield>
  </datafield>
  <datafield tag="653" ind1=" " ind2=" ">
    <subfield code="a">Dolor abdominal</subfield>
  </datafield>
  <datafield tag="653" ind1="3" ind2=" ">
    <subfield code="a">El paciente con dolor abdominal agudo</subfield>
  </datafield>
  <datafield tag="653" ind1=" " ind2=" ">
    <subfield code="a">Motivos de consulta en enfermedades de intestino delgado y grueso</subfield>
  </datafield>
  <datafield tag="653" ind1="3" ind2=" ">
    <subfield code="a">El paciente con diarrea</subfield>
  </datafield>
  <datafield tag="653" ind1=" " ind2=" ">
    <subfield code="a">S&#xED;ndrome de malabsorci&#xF3;n</subfield>
  </datafield>
  <datafield tag="653" ind1=" " ind2=" ">
    <subfield code="a">Sindrome de obstrucci&#xF3;n intestinal o &#xED;leo</subfield>
  </datafield>
  <datafield tag="653" ind1=" " ind2=" ">
    <subfield code="a">Estre&#xF1;imiento o constipaci&#xF3;n</subfield>
  </datafield>
  <datafield tag="653" ind1=" " ind2=" ">
    <subfield code="a">Semiolog&#xED;a y s&#xED;ndromes recto-anales</subfield>
  </datafield>
  <datafield tag="653" ind1="4" ind2=" ">
    <subfield code="a">Los S&#xED;ndromes funcionales</subfield>
  </datafield>
  <datafield tag="653" ind1=" " ind2=" ">
    <subfield code="a">Detecci&#xF3;n de c&#xE1;ncer de col&#xF3;n</subfield>
  </datafield>
  <datafield tag="700" ind1="1" ind2=" ">
    <subfield code="a">Gennaro, Orlando</subfield>
    <subfield code="9">3769</subfield>
  </datafield>
  <datafield tag="942" ind1=" " ind2=" ">
    <subfield code="2">ddc</subfield>
    <subfield code="c">BK</subfield>
  </datafield>
  <datafield tag="999" ind1=" " ind2=" ">
    <subfield code="c">2183</subfield>
    <subfield code="d">2183</subfield>
  </datafield>
  <datafield tag="952" ind1=" " ind2=" ">
    <subfield code="0">0</subfield>
    <subfield code="1">0</subfield>
    <subfield code="2">ddc</subfield>
    <subfield code="4">0</subfield>
    <subfield code="7">0</subfield>
    <subfield code="a">BFM</subfield>
    <subfield code="b">BFM</subfield>
    <subfield code="c">CR</subfield>
    <subfield code="d">2015-08-05</subfield>
    <subfield code="e">Donaci&#xF3;n Agosto 2015.</subfield>
    <subfield code="l">2</subfield>
    <subfield code="o">616  47 LAS</subfield>
    <subfield code="p">3515</subfield>
    <subfield code="r">2019-12-13</subfield>
    <subfield code="s">2019-12-02</subfield>
    <subfield code="t">Ej. 1</subfield>
    <subfield code="w">2015-08-05</subfield>
    <subfield code="y">BK</subfield>
    <subfield code="z">Donaci&#xF3;n Agosto 2015.</subfield>
  </datafield>
  <datafield tag="952" ind1=" " ind2=" ">
    <subfield code="0">0</subfield>
    <subfield code="1">0</subfield>
    <subfield code="2">ddc</subfield>
    <subfield code="4">0</subfield>
    <subfield code="7">0</subfield>
    <subfield code="a">BFM</subfield>
    <subfield code="b">BFM</subfield>
    <subfield code="c">CR</subfield>
    <subfield code="d">2020-02-10</subfield>
    <subfield code="e">Donaci&#xF3;n, febrero 2020.</subfield>
    <subfield code="l">2</subfield>
    <subfield code="o">616 47 LAS</subfield>
    <subfield code="p">4605</subfield>
    <subfield code="r">2026-04-20</subfield>
    <subfield code="s">2026-04-09</subfield>
    <subfield code="t">Ej. 2</subfield>
    <subfield code="w">2020-02-10</subfield>
    <subfield code="y">BK</subfield>
    <subfield code="z">Donaci&#xF3;n, febrero 2020.</subfield>
  </datafield>
</record>
